000 00569pam a2200229 i 4500
001 4190897
005 20180215071941.0
008 810108s1981 enka b 001 0 eng
010 _a 80028883
020 _a0521235154
020 _a052128015X (pbk.)
040 _aDLC
_cDLC
_dDLC
041 _aeng
080 _a339 NAG
082 0 0 _a339 NAG
_219
100 1 _a52
101 _aMAK
245 1 0 _aMacroeconomic dynamics /
_cKeizo Nagatani.
504 _aBibliography: p. 237-242.
906 _a7
_bcbc
_corignew
_d1
_eocip
_f19
_gy-gencatlg
942 _2ddc
_cBK
999 _c42664
_d42664